Исследование влияния катодной и анодной струй на свойства сильноточной электрической дуги; Журнал технической физики; Т. 72, вып. 1

Библиографические подробности
Источник:Журнал технической физики/ Российская академия наук (РАН), Физико-технический институт им. А. Ф. Иоффе (ФТИ).— , 1931-.— 0044-4642
Т. 72, вып. 1.— 2002.— с. 28-35
Другие авторы: Богомаз А. А., Будин А. В., Коликов В. А., Пинчук М. Э., Позубенков А. А., Рутберг Ф. Г.
Язык:русский
Опубликовано: 2002
Серии:Газовый разряд, плазма
Предметы:
Формат: MixedMaterials Статья
Запись в KOHA:https://koha.lib.tpu.ru/cgi-bin/koha/opac-detail.pl?biblionumber=438626

MARC

LEADER 00000naa2a2200000 4500
001 438626
005 20231101080839.0
035 |a (RuTPU)RU\TPU\prd\99892 
035 |a RU\TPU\prd\3028 
090 |a 438626 
100 |a 20110216a2002 k y0rusy50 ca 
101 0 |a rus 
102 |a RU 
200 1 |a Исследование влияния катодной и анодной струй на свойства сильноточной электрической дуги  |f А. А. Богомаз, А. В. Будин, В. А. Коликов и др. 
225 1 |a Газовый разряд, плазма 
320 |a Библиогр.: 11 назв. 
461 1 |0 (RuTPU)RU\TPU\prd\452  |x 0044-4642  |t Журнал технической физики  |f Российская академия наук (РАН), Физико-технический институт им. А. Ф. Иоффе (ФТИ)  |d 1931- 
463 1 |0 (RuTPU)RU\TPU\prd\99887  |t Т. 72, вып. 1  |v с. 28-35  |d 2002 
610 1 |a электрическая дуга 
610 1 |a газы 
610 1 |a электроды 
610 1 |a диагностика 
610 1 |a катоды 
610 1 |a аноды 
610 1 |a ударная волна 
610 1 |a разрядная камера 
610 1 |a оптические измерения 
610 1 |a исследования 
701 1 |a Богомаз  |b А. А. 
701 1 |a Будин  |b А. В. 
701 1 |a Коликов  |b В. А. 
701 1 |a Пинчук  |b М. Э. 
701 1 |a Позубенков  |b А. А. 
701 1 |a Рутберг  |b Ф. Г. 
801 1 |a RU  |b 63413507  |c 20020412  |g PSBO 
801 2 |a RU  |b 63413507  |c 20110216  |g PSBO 
942 |c BK